MICROECONOMICS (Record no. 5716)

MARC details
000 -LEADER
fixed length control field 00307nam a22001337a 4500
005 - DATE AND TIME OF LATEST TRANSACTION
control field 20211201113912.0
008 - FIXED-LENGTH DATA ELEMENTS--GENERAL INFORMATION
fixed length control field 180628b xxu||||| |||| 00| 0 eng d
041 ## - LANGUAGE CODE
Language code of text/sound track or separate title eng
100 ## - MAIN ENTRY--AUTHOR NAME
Personal name PINDYEK, ROBERTS
245 ## - TITLE STATEMENT
Title MICROECONOMICS
260 ## - PUBLICATION, DISTRIBUTION, ETC. (IMPRINT)
Place of publication NEW DELHI
Name of publisher PEARSON
Year of publication 2009
300 ## - PHYSICAL DESCRIPTION
Number of Pages 674p,
942 ## - ADDED ENTRY ELEMENTS (KOHA)
Koha item type Books
Holdings
Lost status Damaged status Collection code Home library Current library Shelving location Date acquired Source of acquisition Cost, normal purchase price Accession Number Koha item type
    MANAGEMENT JRU Library JRU Library SHELF-58-D 28/06/2018 PURCHASE 809.00 22393 Books